[Event "Spring Festival"]
[Site "Budapest HUN"]
[Date "2005.03.25"]
[Round "8"]
[White "Ignacz,M"]
[Black "Kahn,E"]
[Result "1/2-1/2"]
[WhiteElo "2187"]
[BlackElo "2293"]

1.Nf3 c5 2.c4 e6 3.g3 b6 4.Bg2 Bb7 5.O-O Nf6 6.b3 Be7 7.Bb2 d6 8.d4 cxd4
9.Nxd4 Bxg2 10.Kxg2 O-O 11.Qd3 d5 12.Nc3 dxc4 13.Qxc4 Qc8 14.Qxc8 Rxc8 15.Rac1 Nbd7
16.Ncb5 Bc5 17.Rfd1 a6 18.Nc3 b5 19.Nf3 Nb6 20.Ne5 Bf8 21.e3 Nbd5 22.Nxd5 Nxd5
23.Nc6 Rc7 24.e4 Nf6 25.Kf3 Rac8 26.Ne5 Rc2 27.Nd3 Rxc1 28.Rxc1 Rd8 29.Rd1 Be7
30.Bxf6 gxf6 31.Ke2 a5 32.Rc1 a4 33.Rc7 Bd6 34.Rb7 axb3 35.axb3 Rb8 36.Rxb8+ Bxb8
37.Nb4 Bd6 38.Nc6 Bc5 39.f3 Kf8 40.Kd3 e5 41.f4 exf4 42.gxf4 Bd6 43.e5 fxe5
44.fxe5 Ba3 45.Nd4 Bb2 46.Ke4 b4 47.Nc6 Bc3 48.Kd5 Kg7 49.Ne7 Bb2 50.Nf5+ Kg6
51.Nd4 Bc3 52.Ke4 Bb2 53.Nf5 Bc3 54.Ne7+ Kg5 55.Ng8 h5 56.Nf6 Be1 57.h3  1/2-1/2

[Event "FSIM April"]
[Site "Budapest HUN"]
[Date "2005.04.03"]
[Round "2"]
[White "Khadempour,F"]
[Black "Fodor,T jr"]
[Result "1-0"]
[WhiteElo "2225"]
[BlackElo "2269"]

1.c4 c5 2.Nf3 Nf6 3.g3 b6 4.Bg2 Bb7 5.O-O e6 6.Nc3 Be7 7.d4 cxd4 8.Qxd4 d6
9.Rd1 Nbd7 10.Nb5 d5 11.Bf4 O-O 12.cxd5 Bc5 13.Qd3 Bxd5 14.Nc3 Bc6 15.Bd6 Re8
16.b4 Bxd6 17.Qxd6 Rc8 18.Rac1 h6 19.e4 Ba8 20.Nd4 Nf8 21.Ndb5 a6 22.Qf4 Qe7
23.Nd6 e5 24.Qe3 Ne6 25.Nxc8 Rxc8 26.Nd5  1-0

[Event "3rd ch-GER Internet Blitz GpA"]
[Site "playchess INT"]
[Date "2005.04.03"]
[Round "1.3"]
[White "Krivoshey,S"]
[Black "Umansky,M"]
[Result "1-0"]
[WhiteElo "2487"]
[BlackElo "2477"]

1.Nf3 b6 2.g3 Bb7 3.Bg2 c5 4.O-O Nf6 5.c4 e6 6.Nc3 Be7 7.Re1 O-O 8.e4 d6
9.d4 cxd4 10.Nxd4 Nbd7 11.e5 dxe5 12.Bxb7 exd4 13.Bxa8 dxc3 14.Bg2 Qc7 15.b3 Rd8
16.Qc2 Bc5 17.Be3 Ng4 18.Bxc5 Nxc5 19.Rad1 h5 20.Qxc3 h4 21.Qf3 f5 22.Qc6 Rxd1
23.Rxd1 Qe5 24.Qe8+ Kh7 25.Qh5+ Nh6 26.Qxh4 Qe2 27.Rf1 Qxa2 28.b4 Nd3 29.b5 Qe2
30.h3 Ne5 31.Rc1 Nd3 32.Rf1 Ne5 33.Qd4 Nxc4 34.Ra1 Na5 35.Rb1 Qc2 36.Qb2 Qd3
37.Rc1 Qd6 38.Qc2 Qe5 39.Qc7 Qxb5 40.Rd1 Qb3 41.Rd7 Qb2 42.Qxa7 Qa1+ 43.Kh2 Qb2
44.Rd6 Nc4 45.Rxe6 Qxf2 46.Re7 Qd4 47.Qd7 Qc3 48.Qd5 b5 49.Qxb5 Nd2 50.Qe2  1-0

[Event "Belgrade Cup"]
[Site "Belgrade SCG"]
[Date "2005.04.07"]
[Round "3"]
[White "Todorovic,GM"]
[Black "Nestorovic,N"]
[Result "1-0"]
[WhiteElo "2511"]
[BlackElo "2152"]

1.Nf3 c5 2.c4 b6 3.g3 Bb7 4.Bg2 Nf6 5.O-O e6 6.b3 Be7 7.Bb2 a6 8.Nc3 O-O
9.e3 d5 10.cxd5 Nxd5 11.d4 Nd7 12.Nxd5 Bxd5 13.Qe2 Be4 14.Rfd1 Qc7 15.dxc5 Nxc5
16.Nd4 Bxg2 17.Kxg2 Qb7+ 18.Qf3 Qxf3+ 19.Kxf3 Bf6 20.Ke2 Rac8 21.Rac1 Rfd8
22.f3 g6 23.Ba3 e5 24.Bxc5 bxc5 25.Nc2 Rxd1 26.Rxd1 c4 27.b4 e4 28.fxe4 Bc3
29.Rd5 Rb8 30.a3 Kg7 31.Kf3 Rb6 32.e5 Rc6 33.Ke4 f6 34.Rd7+ Kf8 35.Kd5 Rb6
36.Rd6 Rxd6+ 37.exd6 Be5 38.a4 Ke8 39.Kc6 Kd8 40.a5 f5 41.b5 Kc8 42.d7+  1-0

[Event "7th UI&UL GM"]
[Site "Dhaka BAN"]
[Date "2005.04.08"]
[Round "4"]
[White "Rahman,Zia"]
[Black "Satyapragyan,S"]
[Result "1-0"]
[WhiteElo "2538"]
[BlackElo "2401"]

1.Nf3 c5 2.g3 b6 3.Bg2 Bb7 4.O-O Nf6 5.c4 e6 6.Nc3 d6 7.Re1 Nbd7 8.e4 a6
9.d3 Be7 10.Ng5 Qc7 11.f4 h6 12.Nf3 O-O 13.b3 Rfe8 14.Bb2 Rad8 15.Qc2 Bf8
16.Nd1 g6 17.Nf2 Bg7 18.Rad1 Qb8 19.Qc1 Qa8 20.Qa1 h5 21.Ng5 e5 22.Rd2 Bh6
23.Qd1 Nf8 24.h4 N6d7 25.g4 exf4 26.gxh5 Ne5 27.Ng4 Bxg5 28.hxg5 Nh7 29.Rf1 Bc8
30.Nh6+ Kg7 31.Qf3 Nxg5 32.Qxf4 Kxh6 33.hxg6 Ng4 34.Bf3 fxg6 35.Rh2+  1-0

[Event "ch-BLR U20"]
[Site "Minsk BLR"]
[Date "2005.04.12"]
[Round "5"]
[White "Stupak,K"]
[Black "Podolchenko,E"]
[Result "1-0"]
[WhiteElo "2227"]
[BlackElo "2260"]

1.Nf3 Nf6 2.g3 b6 3.Bg2 Bb7 4.O-O e6 5.c4 c5 6.b3 Be7 7.Bb2 a6 8.Qc2 Qc7
9.d3 d6 10.e4 Nbd7 11.Nbd2 O-O 12.Rfe1 Ne5 13.h3 Nfd7 14.a3 Bf6 15.Bc3 Bc6
16.Nh2 Ng6 17.f4 b5 18.Nhf3 Qb7 19.Kh2 Bxc3 20.Qxc3 Nb6 21.Re2 Ne7 22.Rae1 Rab8
23.Nh4 Ng6 24.Nhf3 Nd7 25.h4 Nf6 26.Bh3 bxc4 27.dxc4 d5 28.exd5 exd5 29.f5 Ne4
30.Nxe4 dxe4 31.Nd2 Ne7 32.f6 gxf6 33.Nxe4 Bxe4 34.Rxe4 Ng6 35.Qxf6 Qxb3
36.h5 Rb6 37.Qg5 h6 38.Qxh6 Qa2+ 39.R1e2 Rb2 40.Rxb2 Qxb2+ 41.Bg2 Qh8 42.Qg5 Rb8
43.Rh4 Qe5 44.Qg4  1-0

[Event "CES"]
[Site "Northeim GER"]
[Date "2005.04.16"]
[Round "5"]
[White "Leiber,B"]
[Black "Dubinsky,L"]
[Result "1/2-1/2"]
[WhiteElo "2224"]
[BlackElo "2192"]

1.Nf3 c5 2.g3 b6 3.Bg2 Bb7 4.O-O Nf6 5.c4 e6 6.Nc3 Be7 7.d3 O-O 8.b3 d6 9.Bb2 Nbd7
10.e3 Ne5 11.Nxe5 Bxg2 12.Nxf7 Rxf7 13.Kxg2 Qd7 14.Qe2 Re8 15.Rad1 Qc8 16.f4 Bf8
17.Qf3 Nd7 18.e4 Ne5 19.Qe3 Nc6 20.Ne2 Qa6 21.a4 Qb7 22.Qf3 e5 23.f5 a6 24.Bc3 b5
25.axb5 axb5 26.Ra1 b4 27.Bb2 Ra8 28.Qg4 Be7 29.f6 Bxf6 30.Qe6 Rd8 31.Ra4 Qd7
32.Qxd7 Rfxd7 33.Ra6 Rc8 34.Rfa1 Bg5 35.Bc1 Bxc1 36.Rxc1 Kf7  1/2-1/2

[Event "Torch Real Estate Cup"]
[Site "Jinan CHN"]
[Date "2005.04.21"]
[Round "2"]
[White "Wang Yaoyao"]
[Black "Wang Zili"]
[Result "1/2-1/2"]
[WhiteElo "2456"]
[BlackElo "2501"]

1.Nf3 Nf6 2.c4 c5 3.g3 b6 4.Bg2 Bb7 5.O-O e6 6.Nc3 Be7 7.Re1 d5 8.cxd5 exd5
9.d4 Nbd7 10.dxc5 Nxc5 11.Bf4 O-O 12.Rc1 Nce4 13.Qb3 Bc5 14.e3 Re8 15.h3 Nxc3
16.bxc3 Ne4 17.Be5 Bd6 18.Bd4 Bc5 19.Qc2 Qc7 20.Nd2 Nxd2 21.Qxd2 Rad8 22.Qb2  1/2-1/2

[Event "SME Open"]
[Site "Ostrava CZE"]
[Date "2005.05.01"]
[Round "2"]
[White "Nedela,J"]
[Black "Kolar,St"]
[Result "0-1"]
[WhiteElo "2044"]
[BlackElo "2157"]

1.Nf3 Nf6 2.g3 b6 3.Bg2 Bb7 4.O-O e6 5.c4 c5 6.b3 Be7 7.Bb2 O-O 8.d3 d5 9.cxd5 exd5
10.d4 Nbd7 11.Nbd2 Ne4 12.e3 f5 13.Rc1 Bf6 14.Re1 Re8 15.Bh3 g6 16.Bf1 a6
17.Rc2 Rc8 18.Qa1 Qe7 19.Rec1 g5 20.dxc5 bxc5 21.Bxf6 Ndxf6 22.Nxe4 Nxe4
23.Ne1 g4 24.Nd3 d4 25.Nf4 Ng5 26.Bc4+ Kf8 27.Bd3 Nf3+ 28.Kf1 Nxh2+ 29.Kg1 Nf3+
30.Kf1 Qe5 31.exd4 Nxd4 32.Re1 Qxe1+ 33.Qxe1 Rxe1+ 34.Kxe1 Nxc2+ 35.Bxc2 Be4
36.Bd1 Ke7 37.Be2 a5 38.Bc4 Rc6 39.Ke2 Rd6 40.a4 Rd4 41.Ke3 Kf6 42.Nh5+ Ke5
43.Nf4 Rd1 44.Ke2 Rb1 45.Ne6 Bd5 46.Nxc5 Bxc4+ 47.bxc4 Kd4 48.Nd3 Kxc4 49.Ne5+ Kd4
50.Nc6+ Ke4 51.Nxa5 Rb2+ 52.Ke1 Kd3 53.Kf1 Ra2 54.Nb7 Ra1+ 55.Kg2 Ke2 56.Nd6 Rf1
57.a5 Rxf2+ 58.Kg1 Kf3 59.Nxf5 Ra2  0-1

[Event "23rd Liechtenstein Open"]
[Site "Triesen LIE"]
[Date "2005.05.06"]
[Round "8"]
[White "Grunberg,SF"]
[Black "Goris,T"]
[Result "1-0"]
[WhiteElo "2312"]
[BlackElo "2092"]

1.Nf3 Nf6 2.c4 c5 3.g3 b6 4.Bg2 Bb7 5.O-O e6 6.Nc3 Be7 7.Re1 O-O 8.e4 d5
9.e5 Ne4 10.cxd5 Nxc3 11.bxc3 Bxd5 12.d3 Qc7 13.h4 Nd7 14.Bf4 Rad8 15.h5 Qb7
16.Re3 f6 17.c4 Bc6 18.Qf1 fxe5 19.Nxe5 Bxg2 20.Qxg2 Qxg2+ 21.Kxg2 Bf6 22.Rd1 Bxe5
23.Bxe5 Nxe5 24.Rxe5 Rd6 25.Kf1 Rf5 26.f4 Kf7 27.Ke2 Kf6 28.Rf1 Rd7 29.g4 Rxe5+
30.fxe5+ Kxe5 31.g5 g6 32.h6 Kd4 33.Kd2 a6 34.Re1  1-0

[Event "ch-LTU"]
[Site "Siauliai LTU"]
[Date "2005.05.08"]
[Round "2"]
[White "Dambrauskas,V"]
[Black "Butnorius,A"]
[Result "1-0"]
[WhiteElo "2318"]
[BlackElo "2424"]

1.Nf3 c5 2.c4 Nf6 3.g3 b6 4.Bg2 Bb7 5.O-O e6 6.Nc3 Be7 7.d4 cxd4 8.Qxd4 d6
9.Rd1 a6 10.b3 Nbd7 11.Bb2 O-O 12.Ne1 Bxg2 13.Nxg2 Qc7 14.Ne4 Rfd8 15.Rac1 Qc6
16.Nxf6+ Bxf6 17.Qd2 Bxb2 18.Qxb2 Nf6 19.Ne3 b5 20.Qd4 bxc4 21.Rxc4 Qb5 22.Rdc1 Qh5
23.Qd3 d5 24.Rh4 Qe5 25.Ng4 Nxg4 26.Qxh7+ Kf8 27.Rxg4 f5 28.Qh8+ Ke7 29.Qxg7+ Qxg7
30.Rxg7+ Kf6 31.Rcc7 Ke5 32.h4 a5 33.Ra7 Kd4 34.Rxa8 Rxa8  1-0

[Event "ch-LAT"]
[Site "Riga LAT"]
[Date "2005.05.15"]
[Round "5"]
[White "Luckans,A"]
[Black "Meijers,V"]
[Result "0-1"]
[WhiteElo "2452"]
[BlackElo "2486"]

1.Nf3 Nf6 2.g3 b6 3.Bg2 Bb7 4.O-O e6 5.c4 c5 6.Nc3 a6 7.b3 Qc7 8.Bb2 Be7
9.Rc1 O-O 10.d4 cxd4 11.Qxd4 Nc6 12.Qd2 Rad8 13.Nd5 exd5 14.cxd5 Qb8 15.dxc6 dxc6
16.Qc2 Nd5 17.Nd4 c5 18.Nf5 Bf6 19.Bxd5 Bxd5 20.Bxf6 gxf6 21.Ne7+ Kg7 22.Nxd5 Rxd5
23.Qe4 Qb7 24.Qg4+ Rg5 25.Qf4 Rd8 26.Rc4 h5 27.Qc1 Qe7 28.Re1 Rgd5 29.Rh4 Qe5
30.b4 Rd2 31.Qc4 R8d4 32.Rxd4 Rxd4 33.Qxa6 Rxb4 34.Rd1 b5 35.e3 Qf5 36.Qa8 Rb1
37.Rxb1 Qxb1+ 38.Kg2 c4 39.Qc6 Qb2 40.Qd5 c3 41.Qxh5 Qb1 42.Qg4+ Qg6 43.Qf4 c2  0-1

[Event "ch-EST"]
[Site "Tallinn EST"]
[Date "2005.05.15"]
[Round "8"]
[White "Seeman,T"]
[Black "Kalinitschew,S"]
[Result "1/2-1/2"]
[WhiteElo "2401"]
[BlackElo "2487"]

1.Nf3 Nf6 2.g3 b6 3.Bg2 Bb7 4.O-O e6 5.c4 c5 6.Nc3 Be7 7.b3 O-O 8.Bb2 d5
9.cxd5 Nxd5 10.Qc2 Nc6 11.Nxd5 Qxd5 12.Qc4 Nd4 13.Bxd4 cxd4 14.Ne1 Qxc4 15.bxc4 Bxg2
16.Kxg2 Rfc8 17.d3 Bb4 18.a4 Bc3 19.Ra3 Rc5 20.Nc2 f5 21.Rb1 Kf7 22.Rb5 Rac8
23.Rab3 e5 24.Na3 Ke7 25.Rxc5 Rxc5 26.Nb5 a6 27.Nxc3 dxc3 28.Rxc3 Kd6 29.Rb3 Kc6
30.f4 exf4 31.gxf4 Ra5 32.Ra3 Kc5 33.Ra1 Kb4 34.Rb1+ Kc5 35.Ra1 Kb4 36.Rb1+  1/2-1/2

[Event "48th TCh-SCG"]
[Site "Herceg Novi SCG"]
[Date "2005.05.17"]
[Round "3"]
[White "Petrov,G"]
[Black "Nestorovic,De"]
[Result "1-0"]
[WhiteElo "2227"]
[BlackElo "2410"]

1.Nf3 c5 2.c4 b6 3.g3 Bb7 4.Bg2 Nf6 5.O-O e6 6.Nc3 a6 7.d4 cxd4 8.Qxd4 d6
9.Bg5 Nbd7 10.Rfd1 Qc7 11.Rac1 Be7 12.Qd2 O-O 13.Bf4 Ne8 14.b3 Rd8 15.e4 Ne5
16.Nd4 Nf6 17.h3 Rfe8 18.Be3 Ned7 19.f4 Qb8 20.Bf2 Qa8 21.Re1 Nc5 22.Qe2 e5
23.fxe5 dxe5 24.Nf5 Bf8 25.Nd5 Nxd5 26.cxd5 a5 27.Bxc5 bxc5 28.Bf1 g6 29.Ne3 a4
30.Ng4 Bg7 31.Ne3 Bf8 32.Qf2 h5 33.Bb5 axb3 34.Bxe8 Rxe8 35.axb3 Bc8 36.Rf1 Qb7
37.Kh2 Qd7 38.h4 Ba6 39.Nc4 Qc7 40.Qf6 Bxc4 41.bxc4 Rb8 42.Rb1 Rxb1 43.Rxb1 Qa5
44.Rb7  1-0

[Event "48th TCh-SCG"]
[Site "Herceg Novi SCG"]
[Date "2005.05.18"]
[Round "4"]
[White "Vulinovic,R"]
[Black "Perunovic,Mio"]
[Result "0-1"]
[WhiteElo "2219"]
[BlackElo "2346"]

1.Nf3 Nf6 2.g3 b6 3.Bg2 Bb7 4.O-O c5 5.c4 e6 6.Nc3 Be7 7.Re1 Ne4 8.Nxe4 Bxe4
9.d3 Bb7 10.e4 d6 11.d4 cxd4 12.Nxd4 O-O 13.b3 a6 14.Ba3 Qc7 15.Rc1 Nd7 16.Bb2 Rfe8
17.f4 Rac8 18.f5 e5 19.Ne2 Bg5 20.Rc2 b5 21.Bc1 Bxc1 22.Rxc1 Qb6+ 23.Kh1 Nf6
24.Nc3 bxc4 25.Rb1 Qd4 26.bxc4 Qxc3 27.Rxb7 Rxc4 28.Qe2 Rec8 29.Bf3 h6 30.Rb6 Qa5
31.Rb2 Rd4 32.Rd1 Rcc4 33.Rbd2 Rxd2 34.Qxd2 Qa3 35.Qe2 Rc3 36.Kg2 Re3 37.Qf2 Rd3
38.Re1 Qc3 39.Re2 a5 40.Rc2 Rxf3  0-1

[Event "30th Elekes Mem GM"]
[Site "Budapest HUN"]
[Date "2005.05.21"]
[Round "1"]
[White "Nemeth,Z"]
[Black "Izsak,Gyu"]
[Result "0-1"]
[WhiteElo "2370"]
[BlackElo "2459"]

1.Nf3 Nf6 2.g3 b6 3.Bg2 Bb7 4.O-O c5 5.c4 e6 6.Nc3 Be7 7.d4 cxd4 8.Qxd4 Nc6
9.Qf4 O-O 10.e4 d6 11.b3 a6 12.Bb2 Qc7 13.Rad1 Ne5 14.Nd4 Rfd8 15.Qc1 Rac8
16.Rfe1 Nc6 17.Nde2 Qb8 18.Rd2 Na7 19.Qd1 b5 20.cxb5 axb5 21.Nd4 Ba8 22.a4 bxa4
23.bxa4 Nd7 24.Ndb5 Ne5 25.Nxa7 Qxa7 26.Nb5 Qb8 27.Bd4 Nc6 28.Be3 Na5 29.Bf4 Nc4
30.Rc2 Bb7 31.Qa1 Qa8 32.Qa2 Ne5 33.Bd2 Rxc2 34.Qxc2 Rc8 35.Qb3 Nd7 36.Bb4 Nc5
37.Bxc5 Rxc5 38.f3 h5 39.Rd1 d5 40.e5 Bc6 41.Bf1 Qa5 42.Be2 g6 43.Kf1 Bf8
44.h4 Bg7 45.f4 Bf8 46.Bd3 Kg7 47.Ke2 Qa8 48.Rd2 d4 49.Nxd4 Bxa4 50.Qb1 Qg2+
51.Ke3 Qxg3+ 52.Nf3 Bc6 53.Qf1 Ra5 54.Ke2 Qxf4 55.Rc2 Bxf3+ 56.Qxf3 Rxe5+
57.Kf2 Qd4+ 58.Kg2 Re3 59.Rc4 Qxd3  0-1

[Event "Chigorin CC"]
[Site "St Petersburg RUS"]
[Date "2005.05.25"]
[Round "9"]
[White "Shushpanov,V"]
[Black "Serov,M"]
[Result "1-0"]
[WhiteElo "2390"]
[BlackElo "2178"]

1.Nf3 c5 2.g3 b6 3.Bg2 Bb7 4.O-O Nf6 5.c4 e6 6.b3 Be7 7.Bb2 d6 8.d3 Qc7 9.a3 Nc6
10.b4 O-O 11.b5 Na5 12.Bc3 d5 13.cxd5 exd5 14.Nbd2 a6 15.Bxa5 bxa5 16.bxa6 Rxa6
17.Qc2 Rc8 18.Rfb1 a4 19.Nh4 Nd7 20.Nf5 Bf6 21.Ra2 Ba8 22.Ne3 Qe5 23.Bh3 Qc7
24.Qc1 Be7 25.Rc2 Re8 26.Bg2 Qe5 27.Qb2 Qe6 28.Nf3 Bf6 29.Qc1 g6 30.h4 Rc6
31.Ng5 Bxg5 32.hxg5 Rc7 33.Bf3 d4 34.Ng4 Kf8 35.Qf4 Bxf3 36.exf3 Ne5 37.Nf6 Rec8
38.Rd1 Kg7 39.Re2 Qb3 40.Qxe5  1-0

[Event "FSIM June"]
[Site "Budapest HUN"]
[Date "2005.06.12"]
[Round "9"]
[White "Farago,S"]
[Black "Eperjesi,L"]
[Result "1/2-1/2"]
[WhiteElo "2262"]
[BlackElo "2262"]

1.c4 c5 2.Nf3 Nf6 3.g3 b6 4.Bg2 Bb7 5.O-O e6 6.Nc3 Be7 7.b3 O-O 8.Bb2 d6
9.Rc1 Nbd7 10.d4 cxd4 11.Nxd4 Bxg2 12.Kxg2  1/2-1/2

[Event "III Open"]
[Site "Bajada de la Virgen ESP"]
[Date "2005.06.13"]
[Round "1"]
[White "Ortells Perez,V"]
[Black "Mirzoev,A"]
[Result "0-1"]
[WhiteElo "2119"]
[BlackElo "2545"]

1.Nf3 c5 2.c4 Nf6 3.g3 b6 4.Bg2 Bb7 5.O-O e6 6.Nc3 Be7 7.d3 O-O 8.e4 d6 9.b3 Nc6
10.d4 cxd4 11.Nxd4 Nxd4 12.Qxd4 Qc7 13.Bb2 Rac8 14.h3 Rfd8 15.Rad1 Bc6 16.Rfe1 a6
17.Qe3 Bf8 18.Re2 Qb7 19.a3 Nd7 20.Na2 Qb8 21.Nb4 Bb7 22.Nd3 Ba8 23.Nf4 b5
24.cxb5 Qxb5 25.Qd3 Qb8 26.Qxa6 Nc5 27.Qa5 Qxb3 28.Qd2 Bc6 29.Re3 Qb7 30.Rde1 Na4
31.Ba1 Ra8 32.Nd3 Rdc8 33.Nb4 Be8 34.Rc1 Rxc1+ 35.Qxc1 Rc8 36.Qd2 Qc7 37.Re1 h6
38.h4 Bb5 39.Bd4 Nb6 40.Bxb6 Qxb6 41.Rc1 Rc5 42.Nd3 Rxc1+ 43.Nxc1 Qc5 44.Qb2 g6
45.Nb3 Qa7 46.Nd4 Bd7 47.Nc2 Bg7 48.Qb4 Be5 49.Kf1 Qa6+ 50.Kg1 Qe2 51.Ne1 Qd1
52.Kh2 Qd4 53.Kg1 Qa7 54.Kf1 Bc8 55.Bf3 Ba6+ 56.Be2 Bb7 57.Nf3 Bg7 58.Ne1 Bd4
59.Qxd6 Bxf2  0-1

[Event "Open"]
[Site "Mielo POL"]
[Date "2005.06.13"]
[Round "4"]
[White "Malaniuk,V"]
[Black "Koziak,V"]
[Result "1/2-1/2"]
[WhiteElo "2480"]
[BlackElo "2485"]

1.c4 c5 2.Nf3 Nf6 3.g3 b6 4.Bg2 Bb7 5.O-O e6 6.Nc3 Be7 7.Re1 Ne4 8.d4 Nxc3
9.bxc3 Be4 10.Bf1 Bxf3 11.exf3 cxd4 12.cxd4 O-O 13.f4 Nc6 14.Be3 Rc8  1/2-1/2

[Event "6th Kurass Memorial"]
[Site "Kiev UKR"]
[Date "2005.06.28"]
[Round "8"]
[White "Baryshpolets,A"]
[Black "Gerber,Vl"]
[Result "0-1"]
[WhiteElo "2158"]
[BlackElo "2147"]

1.c4 Nf6 2.Nf3 e6 3.g3 b6 4.Bg2 Bb7 5.O-O c5 6.Nc3 Be7 7.Re1 d5 8.cxd5 exd5
9.d4 O-O 10.b3 Ne4 11.Bb2 Bf6 12.Rc1 Na6 13.Na4 Rc8 14.dxc5 bxc5 15.Nd2 Bxb2
16.Nxb2 Nxf2 17.Kxf2 Qf6+ 18.Kg1 Qxb2 19.Nc4 Qf6 20.Bxd5 Rcd8 21.e4 Nb4 22.Ne3 Nxa2
23.Rxc5 Nc3 24.Qd3 Nxd5 25.Nxd5 Qd6 26.Qc4 Rfe8 27.Rc1 h6 28.b4 h5 29.Ra1 h4
30.Rxa7 Bxd5 31.Rxd5 Qb6+ 32.Qc5 Qg6 33.Rxd8 Rxd8 34.Qe3 hxg3 35.hxg3 Rd1+
36.Kg2 Qh5 37.Kf2 Qh1 38.Ra8+ Kh7 39.Qe2 Rb1 40.Ra3 Rb2  0-1

[Event "ZS"]
[Site "Brno CZE"]
[Date "2005.07.03"]
[Round "4"]
[White "Volodin,V"]
[Black "Kanovsky,D"]
[Result "0-1"]
[WhiteElo "2245"]
[BlackElo "2338"]

1.Nf3 c5 2.c4 e6 3.g3 b6 4.Bg2 Bb7 5.O-O Nf6 6.Nc3 Be7 7.b3 O-O 8.Bb2 d5
9.cxd5 exd5 10.d4 Nbd7 11.Rc1 Rc8 12.dxc5 bxc5 13.Nh4 Nb6 14.Nf5 Re8 15.Nxe7+ Qxe7
16.Re1 d4 17.Nb1 Bxg2 18.Kxg2 Qb7+ 19.Kg1 Ne4 20.h4 Nd5 21.Qd3 Nb4 22.Qf3 Nxa2
23.Rcd1 Rb8 24.Nd2 Nxd2 25.Qxb7 Rxb7 26.Rxd2 Nc3 27.Bxc3 dxc3 28.Rc2 Rxb3
29.Rec1 Kf8 30.Rxc3 Rxc3 31.Rxc3 Rc8 32.Rc4 Ke7 33.Kf1 Kd6 34.Ke1 Kc6 35.Ra4 Rc7
36.Kd2 Kb5 37.Ra1 a5 38.Rb1+ Kc4 39.Rc1+ Kb3 40.Rb1+ Kc4 41.Rc1+ Kd4 42.Ra1 Ra7
43.Ra4+ Kd5 44.Kd3 Kc6 45.Kc4 Kb6 46.Ra2 a4 47.Rb2+ Kc6 48.Rb5 a3 49.Rxc5+ Kd6
50.Rd5+ Ke6 51.Rd1 a2 52.Ra1 Kf5 53.f3 Ke5 54.Kd3 h5 55.Kc4 g6 56.Kc3 Kd5
57.g4 Ke5 58.gxh5 gxh5 59.e3 Ra3+ 60.Kc4 f5 61.e4 fxe4 62.fxe4 Kxe4 63.Kb4 Ra8
64.Kb3 Kf4 65.Kb2 Kg4 66.Rg1+ Kxh4 67.Ka1 Ra3 68.Rg8 Kh3 69.Rg7 h4 70.Rh7 Kg3
71.Rg7+ Kh2 72.Rg8 h3 73.Rg7 Kh1 74.Rg8 h2 75.Rg7 Rf3 76.Kxa2 Rf2+ 77.Kb3 Rg2
78.Rc7 Kg1 79.Rc1+ Kf2 80.Rc2+ Kg3  0-1

[Event "20th North Sea Cup"]
[Site "Esbjerg DEN"]
[Date "2005.07.03"]
[Round "3"]
[White "Carlstedt,J"]
[Black "Hellegaard,D"]
[Result "1-0"]
[WhiteElo "2059"]
[BlackElo "2004"]

1.c4 Nf6 2.Nf3 b6 3.g3 Bb7 4.Bg2 e6 5.O-O c5 6.b3 Be7 7.Bb2 O-O 8.d3 d5 9.Na3 Nc6
10.Nc2 d4 11.e3 e5 12.Nxe5 Rc8 13.Nxc6 Bxc6 14.exd4 cxd4 15.Bxc6 Rxc6 16.Nxd4 Rd6
17.Nf5 Rxd3 18.Nxe7+ Kh8 19.Qb1  1-0

[Event "VISUS Open"]
[Site "Prague CZE"]
[Date "2005.07.03"]
[Round "2"]
[White "Priborsky,I"]
[Black "Ivanovic,Mir"]
[Result "1/2-1/2"]
[WhiteElo "2240"]
[BlackElo "2169"]

1.Nf3 Nf6 2.g3 b6 3.Bg2 Bb7 4.c4 c5 5.O-O e6 6.Nc3 Be7 7.b3 d6 8.d4 cxd4
9.Qxd4 Nbd7 10.Bb2 a6 11.e4 Qc7 12.Qe3 O-O 13.Rfe1 Rfe8 14.Rad1 Rad8 15.h3 Bf8
16.Qg5 h6 17.Qc1 Nc5 18.Nh2 Qb8 19.Qc2 Qa8 20.a4 Rc8 21.Ng4 Nxg4 22.hxg4 f5
23.gxf5 exf5 24.Nd5 Nxe4 25.Nxb6 Qb8 26.Nxc8 Rxc8 27.b4 d5 28.c5 a5 29.Qb3 axb4
30.Bd4 Bxc5 31.Bxc5 Rxc5 32.Qxb4 Rc4 33.Qb6 Qc8 34.Rb1 Bc6 35.a5 Kh7 36.Rec1 Qd7
37.a6 f4 38.Bxe4+ Rxe4 39.Qxc6 Re1+ 40.Rxe1 Qxc6 41.a7 fxg3 42.Ra1 gxf2+
43.Kxf2 Qf6+ 44.Ke3 Qc3+ 45.Ke2 Qc2+ 46.Kf1 Qf5+ 47.Kg2 Qg4+ 48.Kf2 Qf4+
49.Kg2 Qg4+ 50.Kf2 Qf4+ 51.Kg2  1/2-1/2

[Event "2nd RUS Pupils Summer Boys"]
[Site "Satka RUS"]
[Date "2005.07.03"]
[Round "6"]
[White "Malchikov,A"]
[Black "Chernobay,A"]
[Result "1/2-1/2"]
[WhiteElo "2185"]
[BlackElo "2270"]

1.Nf3 c5 2.c4 b6 3.g3 Bb7 4.Bg2 Nf6 5.O-O e6 6.Nc3 a6 7.d4 cxd4 8.Qxd4 d6
9.Bg5 Be7 10.Na4 b5 11.cxb5 axb5 12.Nc3 Nc6 13.Qd1 b4 14.Nb5 d5 15.a4 O-O
16.Bf4 Ne4 17.Ne5 Nc5 18.Nd3 Nxd3 19.exd3 e5 20.Be3 Qd7 21.f4 d4 22.Bd2 exf4
23.Bxf4 Na5 24.Bxb7 Nxb7 25.Be5 Nc5 26.Bxd4 Ne6 27.Be3 Rad8 28.d4 Bf6 29.Rc1 Rfe8
30.Qf3 Nxd4 31.Bxd4 Bxd4+ 32.Nxd4 Qxd4+ 33.Rf2 Rd7 34.Qf4 Qb6 35.Kg2 h6 36.Rc4 Qb7+
37.Qf3 Qb8 38.Rf4 Ree7 39.Rg4 Re6 40.Kh3 Qc8 41.Kg2 Qb8 42.Rc2 Rf6 43.Rf4  1/2-1/2

[Event "20th North Sea Cup"]
[Site "Esbjerg DEN"]
[Date "2005.07.05"]
[Round "5"]
[White "Carlstedt,J"]
[Black "Tonndorf,M"]
[Result "1/2-1/2"]
[WhiteElo "2059"]
[BlackElo "2241"]

1.c4 c5 2.Nf3 b6 3.g3 Bb7 4.Bg2 Nf6 5.O-O e6 6.b3 Be7 7.Bb2 O-O 8.d3 a6 9.Na3 d6
10.Nc2 Nbd7 11.e4 Qc7 12.Ne3 Rfe8 13.Qd2 Bf8 14.Rac1 Rad8 15.Rfe1 Qb8 16.Nf1 Qa8
17.Nh4 g6 18.f4 Bg7 19.f5 exf5 20.exf5 Ne5 21.Rcd1 Nfg4 22.Bxb7 Qxb7 23.Qg2 Qxg2+
24.Kxg2 g5 25.Bxe5 Nxe5 26.Nf3 g4 27.Nxe5 Bxe5 28.Re4 h5 29.Ne3 Bd4 30.Nd5 Rxe4
31.dxe4 Kg7 32.Rd2 b5 33.Nf4 Kh6 34.Nd3 bxc4 35.bxc4 Rb8 36.Rd1 Kg5 37.Rc1 h4
38.Re1 a5 39.Rd1 a4 40.Rc1 Rb7 41.Rd1 Bc3 42.Rc1 Ba5 43.Rd1 h3+ 44.Kf1 Bc3
45.Rc1 Bd2 46.Rd1 Be3 47.Ke2 Bd4 48.Kd2 a3 49.Kc2 Re7 50.Re1 d5 51.cxd5 c4
52.Nb4 Rb7 53.Rb1 Bb2 54.Nc6 Rb6 55.Ne5 Rb4 56.Nc6  1/2-1/2

[Event "VISUS Open"]
[Site "Prague CZE"]
[Date "2005.07.05"]
[Round "4"]
[White "Kozak,Pe"]
[Black "Cifka,S"]
[Result "0-1"]
[WhiteElo "2200"]
[BlackElo "2347"]

1.Nf3 c5 2.c4 b6 3.g3 Bb7 4.Bg2 Nf6 5.O-O e6 6.b3 Be7 7.e3 O-O 8.Bb2 Nc6
9.Nc3 Rc8 10.Qe2 d5 11.cxd5 Nxd5 12.Nxd5 Qxd5 13.Rfd1 Rfd8 14.d3 Qh5 15.h3 Ne5
16.Bxe5 Bxf3 17.Qxf3 Qxe5 18.d4 cxd4 19.Rxd4 Rxd4 20.exd4 Qxd4 21.Rd1 Qf6
22.Rd4 a5 23.Qxf6 Bxf6 24.Rd2 Rc1+ 25.Bf1 g5 26.Kg2 Be7 27.Bc4 Bc5 28.a4 Kg7
29.Re2 h6 30.Rd2 Kf6 31.Re2 Rd1 32.Kf3 Ke7 33.Kg2 Rd4 34.Kf3 h5 35.Re5 Kf6
36.Re2 h4 37.Re4 Rd2 38.Re2 Rd1 39.gxh4 gxh4 40.Re4 Rd2 41.Re2 Rd4 42.Re4 Rxe4
43.Kxe4 Bxf2 44.Ba6 Bg3 45.Bc8 Ke7 46.Bb7 f5+ 47.Kd3 Kf6 48.Bc8 e5 49.Bd7 Bf4  0-1

[Event "VISUS Open"]
[Site "Prague CZE"]
[Date "2005.07.05"]
[Round "4"]
[White "Tichy,V"]
[Black "Ivanovic,Mir"]
[Result "1-0"]
[WhiteElo "2266"]
[BlackElo "2169"]

1.c4 c5 2.g3 e6 3.Nf3 b6 4.Bg2 Bb7 5.O-O Nf6 6.Nc3 Be7 7.d4 cxd4 8.Qxd4 O-O
9.Rd1 d6 10.b3 Nbd7 11.Bb2 a6 12.Rac1 Rc8 13.e4 Qc7 14.h3 Qb8 15.Nh2 Rfd8
16.Ng4 Bc6 17.Nxf6+ Nxf6 18.a4 Bf8 19.Qd3 Nd7 20.Ne2 Nc5 21.Nd4 Bb7 22.Kh2 Qa8
23.Re1 Re8 24.f3 Qb8 25.Rcd1 Nd7 26.f4 Qa8 27.f5 e5 28.Nc2 b5 29.axb5 axb5
30.Na3 bxc4 31.Nxc4 Qb8 32.Ba3 Nc5 33.Na5 Qa8 34.b4 Nd7 35.Nxb7 Qxb7 36.Qb3 Nf6
37.b5 Qb6 38.Rb1 Rc7 39.Qe3 Qb7 40.Rec1 Rxc1 41.Bxc1 Rc8 42.Qd3 Nd7 43.Be3 Nc5
44.Qd5 Qb6 45.Bf1 Rc7 46.Bc4 Qa5 47.b6 Rb7 48.Qd2 Qxd2+ 49.Bxd2 Be7 50.Bd5 Rb8
51.b7 Bd8 52.Ra1 Kf8 53.Ra8 Nd7 54.Be3 Bc7 55.Ba7 Ke7 56.Bc6 Bb6 57.Bxb6  1-0

[Event "VISUS Open"]
[Site "Prague CZE"]
[Date "2005.07.09"]
[Round "8"]
[White "Krischke,A"]
[Black "Filipi,S"]
[Result "0-1"]
[WhiteElo "2112"]
[BlackElo "2022"]

1.c4 e6 2.Nf3 b6 3.g3 Bb7 4.Bg2 Nf6 5.O-O c5 6.Nc3 Nc6 7.d4 Nxd4 8.Nxd4 Bxg2
9.Kxg2 cxd4 10.Qxd4 Bc5 11.Qd3 Qc7 12.Bg5 Be7 13.Rfd1 Qc6+ 14.f3 O-O 15.Rac1 h6
16.Bxf6 Bxf6 17.b3 Rad8 18.Ne4 Be7 19.Nd6 f5 20.Rc2 Rf6 21.b4 Qa4 22.Qb3 Qxb3
23.axb3 e5 24.c5 bxc5 25.bxc5 Rb8 26.Rc3 Bxd6 27.cxd6 Rb6 28.Rc7 Rfxd6 29.Rxd6 Rxd6
30.Rxa7 Kf7 31.Kf2 Ke6 32.Rb7 Rd2 33.Ke3 Rb2 34.h4 g5 35.h5 f4+ 36.gxf4 gxf4+
37.Kd3 Rb1 38.Rb6+ d6 39.Rb7 Rh1 40.Rc7 Rxh5 41.b4 Rh1 42.Kc2 Re1 43.b5 Rxe2+
44.Kb1 Rg2 45.b6 Rg8 46.Kc2 Rb8 47.b7 Kd5 48.Kc3 h5 49.Kb4 Kd4 50.Kb5 d5
51.Kb6 e4 52.Rd7 exf3 53.Rxd5+ Ke4 54.Rxh5 f2 55.Rh1 Kf3 56.Kc7 Rxb7+ 57.Kxb7 Kg2  0-1

[Event "IM"]
[Site "Condom FRA"]
[Date "2005.07.15"]
[Round "7"]
[White "Velikov,P"]
[Black "Solodovnichenko,Y"]
[Result "1/2-1/2"]
[WhiteElo "2422"]
[BlackElo "2535"]

1.Nf3 c5 2.c4 Nf6 3.g3 b6 4.Bg2 Bb7 5.O-O e6 6.Nc3 Be7 7.b3 O-O 8.Bb2 a6
9.e3 Nc6 10.d4 cxd4 11.exd4 d5 12.cxd5 Nxd5 13.Nxd5 exd5  1/2-1/2